| 000 | 00882cam a2200229 a 4500 | ||
|---|---|---|---|
| 001 | 2542843 | ||
| 005 | 20250326093847.0 | ||
| 008 | 940803s1995 nyua 001 0 eng | ||
| 020 |
_a047105318X : _c$24.95 |
||
| 050 | 0 | 0 |
_aHE6239.E54 _bS36 1995 |
| 082 | 0 | 0 |
_a005.7/1369 _220 |
| 100 | 1 |
_aSchneier, Bruce, _d1963- |
|
| 245 | 1 | 0 |
_aE-mail security : _bhow to keep your electronic messages private / _cBruce Schneier. |
| 260 |
_aNew York : _bWiley, _cc1995. |
||
| 300 |
_axii, 365 p. : _bill. ; _c24 cm. |
||
| 500 | _aIncludes index. | ||
| 650 | 0 | _aElectronic mail systems. | |
| 856 | 4 | 2 |
_3Contributor biographical information _uhttp://www.loc.gov/catdir/bios/wiley047/94033251.html |
| 856 | 4 | 2 |
_3Publisher description _uhttp://www.loc.gov/catdir/description/wiley031/94033251.html |
| 856 | 4 |
_3Table of Contents _uhttp://www.loc.gov/catdir/toc/onix01/94033251.html |
|
| 942 |
_2lcc _cBK _n0 |
||
| 999 |
_c5199 _d5199 |
||